Countries on the 37th parallel Quiz Stats

 Plays Quiz not verified by Sporcle

Challenge
Share
Tweet
Embed
Score 0/18 Timer 03:00
0 Plays Today
Where? Country % Correct
????
100%
????
97.1%
????
82.4%
????
82.4%
????
82.4%
????
80.9%
????
80.9%
????
80.9%
????
75%
Where? Country % Correct
????
67.6%
????
63.2%
????
60.3%
????
60.3%
????
55.9%
????
54.4%
????
54.4%
????
51.5%
????
50%

You're not logged in!

Compare scores with friends on all Sporcle quizzes.
OR
Log In

You Might Also Like...

Show Comments

Extras

Created Feb 24, 2013SourceReportNominate
Tags:Country Quiz

Top Quizzes Today


Score Distribution

Your Account Isn't Verified!

In order to create a playlist on Sporcle, you need to verify the email address you used during registration. Go to your Sporcle Settings to finish the process.

Report this User

Report this user for behavior that violates our Community Guidelines.

Details: